000 00926nam a2200289Ia 4500
003 OSt
005 20220912144931.0
006 a|||||r|||| 00| 0
007 ta
008 220909b |||||||| |||| 00| 0 eng d
020 _a9780415551472 (hbd)
024 _a112168
037 _b2992, 02/08/2010, New India Book Agency
037 _cTextual
040 _aCSL
_beng
_cCSL
041 _aeng
082 _aY72.4443, Q0-;1
100 _aSingh Birinder Pal Ed.
245 0 _aCriminal tribes of punjab:a social-anthropological inquiry
260 _aLondon
_bRoutledge Publications
_c2010
300 _aLix, 151p.
_ccm.
500 _aIncludes bibliographical references.; Glossary 129-144p.; Index 147-151p.
650 _a Tribes
650 _aAnthropology
942 _hY72.4443, Q0-;1
_cTEXL
_2CC
999 _c19383
_d19383